Nu Skin Eastern Europe Kft. működési rendszere, különös tekintettel a Support Team munkájának eredményességére

Bibliográfiai részletek
Szerző: Kecskés István
További közreműködők: Kozár Dr. habil László
Dokumentumtípus: Projektmunka
Kulcsszavak:Nu Skin
MLM
mult-level marketing
Online Access:http://dolgozattar.uni-bge.hu/17329

MARC

LEADER 00000nnm a2200000 i 4500
001 dolg17329
005 20190222134547.0
008 180522suuuu hu o 000 hun d
040 |a BGE Dolgozattár Repozitórium  |b hun 
041 |a hu 
100 1 |a Kecskés István 
245 1 0 |a Nu Skin Eastern Europe Kft. működési rendszere, különös tekintettel a Support Team munkájának eredményességére  |c Kecskés István  |h [elektronikus dokumentum] 
246 1 1 |a Nu Skin Eastern Europe Kft. működési rendszere, különös tekintettel a Support Team munkájának eredményességére 
516 |a Project_work 
695 |a Nu Skin 
695 |a MLM 
695 |a mult-level marketing 
700 1 |a Kozár Dr. habil László  |e ths 
856 4 0 |u http://dolgozattar.uni-bge.hu/17329/7/Kecsk%C3%A9s%20Istv%C3%A1n%20-%20Projektmunka%20-%20Nu%20Skin.pdf  |z Dokumentum-elérés